000 00369cam a2200145ua 4500
041 _aeng
_h
082 _a823.308
_bHAR/RE
100 _aHardy thomas, .
245 _aReturn of the native /
_cHardy thomas.
_hTextual Documents
260 _aLondon :
_bMacMillan and Company Limited ,
_c1961.
300 _a485 ; .
504 _a
942 _cBK
999 _c4920
_d4920